000 00747nam a2200217Ia 4500
003 GCL
008 140319s9999 xx 000 0 ara d
040 _aGCL /
_cGCL
082 0 4 _a306
_bأ ث
100 1 _aاحمد عبدالمعطى حجازى
245 1 0 _aالثقافة ليست بخير /
_cاحمد عبدالمعطى حجازى
250 _aالاولى
260 _aالقاهرة :
_bمركز القاهرة لدراسات حقوق الانسان ،
_c2003
300 _a167ص ؛
_c22سم
490 _aسلسلة مبادرات فكرية
_v25
650 0 4 _aالثقافة
650 0 4 _aالتخلف الثقافى
650 0 4 _aالوعى الاجتماعى
650 0 4 _aالعلاقات الثقافية
942 _2ddc
_cBK
999 _c7668
_d7668